000 00534nam a2200181Ia 4500
999 _c1533
_d1533
003 OSt
005 20200924123032.0
008 190216s9999||||xx |||||||||||||| ||und||
020 _a8177541641
040 _coclc
082 _a571.74
_bRAN/P
100 _aRanjan, Rajeev
_91022
245 0 _aPlant Hormones:
_bAction and Application /
_cRajeev Ranjan ; S S Purohit ; V Prasad
260 _bAgrobios,
_c2003.
_aJodhpur:
300 _a245p
650 _aBotany
942 _cBK
_2ddc
_h571.74
_iRAN/P
_k571.74
_mRAN/P